| 000 | 00758nam a22001337a 4500 | ||
|---|---|---|---|
| 040 | _cRUA | ||
| 082 | _aAGR YE 2009 B042 Or.1 | ||
| 100 | _aYE, JEDY. | ||
| 245 | _aeffect of seedling numbers and ages on phkarromdeng variety at the royal university of agriculture (ឥទ្ធិពលនៃការស្ទូងអាយុសំណាប និង ចំនួនដើមសន្ទូងខុសៗគ្នា ទៅលើពូជស្រូវផ្ការំដេង នៅសាកលវិទ្យាល័យភូមិន្ទកសិកម្ម) | ||
| 260 |
_aPhnom Penh _bRUA _c2009 |
||
| 300 |
_axi, 47p. _bill. _c29cm. |
||
| 856 | _uhttps://drive.google.com/file/d/1FBdn2lQeMU1WA51yXdPV768JkOxMSuAP/view?usp=sharing | ||
| 942 | _cAGR | ||
| 999 |
_c936 _d936 |
||